| Tag |
First Indicator |
Second Indicator |
Subfields |
| LEADER |
00000cam a22000004a 4500 |
| 001 |
in00002104264 |
| 005 |
20190326103654.0 |
| 006 |
m d |
| 007 |
cr cnu---unuuu |
| 008 |
050226s2004 dcua sb f000 0 eng d |
| 020 |
|
|
|a 0309546524 (electronic bk.)
|
| 035 |
|
|
|a (OCoLC)ocm57748888
|
| 040 |
|
|
|a N$T
|c N$T
|d OCLCQ
|d UtOrBLW
|
| 043 |
|
|
|a n-us---
|
| 049 |
|
|
|a IICN
|
| 050 |
1 |
4 |
|a JK421
|b .N38 2004eb
|
| 082 |
0 |
4 |
|a 354.40973
|2 22
|
| 110 |
2 |
|
|a National Research Council (U.S.).
|b Committee on the Renewal of Department of Energy Infrastructure.
|
| 245 |
1 |
0 |
|a Intelligent sustainment and renewal of Department of Energy facilities and infrastructure /
|c Committee on the Renewal of Department of Energy Infrastructure, Board on Infrastructure and the Constructed Environment, Division on Engineering and Physical Sciences, National Research Council of the National Academies.
|
| 264 |
|
1 |
|a Washington, D.C. :
|b National Academy Press,
|c [2004]
|
| 264 |
|
4 |
|c ©2004
|
| 300 |
|
|
|a xv, 105 pages :
|b illustrations ;
|c 23 cm.
|
| 336 |
|
|
|a text
|b txt
|2 rdacontent
|
| 337 |
|
|
|a computer
|b c
|2 rdamedia
|
| 338 |
|
|
|a online resource
|b cr
|2 rdacarrier
|
| 500 |
|
|
|a Title from ebook title screen (viewed Feb. 25, 2005).
|
| 504 |
|
|
|a Includes bibliographical references.
|
| 533 |
|
|
|a Electronic reproduction.
|b Boulder, Colo. :
|c NetLibrary,
|d 2005.
|n Available via World Wide Web.
|n Access may be limited to NetLibrary affiliated libraries.
|
| 500 |
|
|
|a Electronic resource.
|
| 610 |
1 |
0 |
|a United States.
|b Department of Energy
|x Management
|x Evaluation.
|
| 610 |
1 |
0 |
|a United States.
|b Department of Energy
|x Facilities
|x Management.
|
| 650 |
|
0 |
|a Administrative agencies
|z United States
|x Management
|x Evaluation.
|
| 655 |
|
7 |
|a Electronic books.
|2 local
|
| 710 |
2 |
|
|a National Research Council (U.S.).
|b Board on Infrastructure and the Constructed Environment.
|
| 710 |
2 |
|
|a NetLibrary, Inc.
|
| 776 |
1 |
|
|c Original
|z 0309094445
|z 0309546524
|w (OCoLC)57554388
|
| 856 |
4 |
0 |
|u http://proxy.library.tamu.edu/login?url=http://www.netLibrary.com/urlapi.asp?action=summary&v=1&bookid=126892
|z Connect to the full text of this electronic book
|t 0
|
| 994 |
|
|
|a 92
|b IIC
|
| 999 |
|
|
|a MARS
|
| 999 |
f |
f |
|s 5895a844-9d47-38e6-80a6-f438563867a3
|i e8410746-0e51-3318-b035-4664102bb233
|t 0
|
| 952 |
f |
f |
|a Texas A&M University
|b College Station
|c Electronic Resources
|d Available Online
|t 0
|e JK421 .N38 2004eb
|h Library of Congress classification
|
| 998 |
f |
f |
|a JK421 .N38 2004eb
|t 0
|l Available Online
|